LEADER 00963nam0-2200325---450- 001 990009539360403321 005 20120320120246.0 010 $a978-0-230-23346-1 035 $a000953936 035 $aFED01000953936 035 $a(Aleph)000953936FED01 035 $a000953936 100 $a20120306d2009----km-y0itay50------ba 101 0 $aeng 102 $aGB 105 $aa-------001yy 200 1 $aCapitalism without capital$fDimitris N. Chorafas 210 $aBasingstoke$cPalgrave Macmillan$d2009 215 $axvii, 264 p.$cill.$d23 cm 225 1 $aPalgrave Macmillan studies in banking and financial institutions 610 0 $aCrisi finanziarie$a2008-2009 676 $a330.90511$v20$zita 700 1$aChorafas,$bDimitris N.$013219 801 0$aIT$bUNINA$gREICAT$2UNIMARC 901 $aBK 912 $a990009539360403321 952 $aVI C 1085$b47942$fFSPBC 959 $aFSPBC 996 $aCapitalism without capital$9854844 997 $aUNINA LEADER 01748nas 2200529-a 450 001 996219446503316 005 20200911054338.4 011 $a2190-541X 035 $a(DE-599)ZDB2605470-X 035 $a(OCoLC)732360986 035 $a(CKB)2550000000015549 035 $a(CONSER)--2011263151 035 $a(EXLCZ)992550000000015549 100 $a20110622b20112012 --- - 101 0 $aeng 135 $aur||||||||||| 181 $ctxt$2rdacontent 182 $cc$2rdamedia 183 $acr$2rdacarrier 200 00$aMicroform & digitization review 210 $a[Berlin] ;$a[New York] $c[Walter De Gruyter & Co.]$d©2011-©2012 300 $a"Preservation and access issues for cultural heritage institutions." 311 $a2190-0752 517 1 $aMicroform and digitization review 517 1 $aMDR 606 $aMicroforms$vPeriodicals 606 $aImage processing$vPeriodicals 606 $aImage processing$xEquipment and supplies$vPeriodicals 606 $aImaging systems$vPeriodicals 606 $aImage processing$2fast$3(OCoLC)fst00967501 606 $aImage processing$xEquipment and supplies$2fast$3(OCoLC)fst00967520 606 $aImaging systems$2fast$3(OCoLC)fst00967605 606 $aMicroforms$2fast$3(OCoLC)fst01019844 608 $aPeriodicals.$2fast 615 0$aMicroforms 615 0$aImage processing 615 0$aImage processing$xEquipment and supplies 615 0$aImaging systems 615 7$aImage processing. 615 7$aImage processing$xEquipment and supplies. 615 7$aImaging systems. 615 7$aMicroforms. 676 $a025.179 906 $aJOURNAL 912 $a996219446503316 996 $aMicroform & digitization review$92577223 997 $aUNISA LEADER 03733nam 2200721Ia 450 001 9910967033803321 005 20251117073746.0 010 $a1-282-35332-2 010 $a9786612353321 010 $a0-300-14362-1 024 7 $a10.12987/9780300143621 035 $a(CKB)2430000000010766 035 $a(StDuBDS)BDZ0022168134 035 $a(SSID)ssj0000342852 035 $a(PQKBManifestationID)11947770 035 $a(PQKBTitleCode)TC0000342852 035 $a(PQKBWorkID)10288212 035 $a(PQKB)10706238 035 $a(StDuBDS)EDZ0000157711 035 $a(MiAaPQ)EBC3420575 035 $a(DE-B1597)484834 035 $a(OCoLC)587626534 035 $a(DE-B1597)9780300143621 035 $a(Au-PeEL)EBL3420575 035 $a(CaPaEBR)ebr10348472 035 $a(CaONFJC)MIL235332 035 $a(OCoLC)923594590 035 $z(OCoLC)587626534 035 $a(EXLCZ)992430000000010766 100 $a20090401d2009 uy| 0 101 0 $aeng 135 $aur||||||||||| 181 $ctxt 182 $cc 183 $acr 200 10$aShanghai's bund and beyond $eBritish banks, banknote issuance, and monetary policy in China, 1842-1937 /$fNiv Horesh 205 $a1st ed. 210 $aNew Haven, CT ;$aLondon $cYale University Press$dc2009 215 $a1 online resource (1 online resource (xiv, 240 p.) ) $cill 225 1 $aYale series in economic and financial history 300 $aBibliographic Level Mode of Issuance: Monograph 311 08$a0-300-14356-7 320 $aIncludes bibliographical references and index. 327 $tFrontmatter -- $tContents -- $tAcknowledgments -- $tAbbreviations -- $tChapter 1 Introduction -- $tChapter 2 The Sino- Foreign Financial Grid in Prewar Shanghai -- $tChapter 3 The Chartered Bank and Its Note Issue -- $tChapter 4 HSBC and Its Note Issue in Shanghai, 1866-1925 -- $tChapter 5 HSBC and Its China Note Issue in the Late- Republican Era, 1925-1937 -- $tChapter 6 Conclusions -- $tAppendix: British Bank Note Circulation in Shanghai, 1881-1935 -- $tNotes -- $tGlossary -- $tReferences -- $tIndex 330 $aAs China emerges as a global powerhouse, this timely book examines its economic past and the shaping of its financial institutions. The first comparative study of foreign banking in prewar China, the book surveys the impact of British overseas bank notes on China's economy before the outbreak of the Sino-Japanese War in 1937. Focusing on the two leading British banks in the region, it assesses the favorable and unfavorable effects of the British presence in China, with particular emphasis on Shanghai, and traces instructive links between the changing political climate and banknote circulation volumes.Drawing on recently declassified archival materials, Niv Horesh revises previous assumptions about China's prewar economy, including the extent of foreign banknote circulation and the economic significance of the May Thirtieth Movement of 1925. 410 0$aYale series in economic and financial history. 606 $aBanks and banking, British$zChina$xHistory$y19th century 606 $aBanks and banking, British$zChina$xHistory$y20th century 607 $aChina$xEconomic conditions$y1644-1912 607 $aChina$xEconomic conditions$y1912-1949 607 $aChina$xEconomic policy$y1644-1912 607 $aChina$xEconomic policy$y1912-1949 615 0$aBanks and banking, British$xHistory 615 0$aBanks and banking, British$xHistory 676 $a330.951035 700 $aHoresh$b Niv$0880429 801 0$bMiAaPQ 801 1$bMiAaPQ 801 2$bMiAaPQ 906 $aBOOK 912 $a9910967033803321 996 $aShanghai's bund and beyond$94528562 997 $aUNINA